| 000 | 00908nas a2200301 4500 | ||
|---|---|---|---|
| 001 | BR2013001467 | ||
| 003 | BR-BrBNA | ||
| 005 | 20231205121936.0 | ||
| 007 | ta | ||
| 008 | 230509b bl.|||p| |||| 00| 00por d | ||
| 040 |
_aBR-BrBNA _bpor _cBiblioteca Nacional de Agricultura |
||
| 041 | _a(Pt) | ||
| 072 | _aL74 | ||
| 100 | 1 | _aRezende, A.M.L. de | |
| 100 | 1 | _aTokarnia, C.H. | |
| 100 | 1 | _aDöbereiner, J. | |
| 245 | 1 | _aIntoxicação experimental em coelhos com o pericarpo do fruto de Ricinus communis | |
| 650 | _aCOELHO | ||
| 650 | _aINTOXICAÇÃO | ||
| 650 | _aPLANTA TÓXICA | ||
| 650 | _aFRUTO | ||
| 650 | _aMAMONA | ||
| 650 | _aRICINUS COMMUNIS | ||
| 650 | _aEXPERIÊNCIA DE LABORATÓRIO | ||
| 773 | 0 |
_tPesquisa Veterinária Brasileira (Brazil) _xISSN 0100-736X _g(Oct-Dec 1981), v. 1(4) p. 141-144 _wBR2013001467 |
|
| 909 |
_a202311 _bLúcia _c55 _dLúcia Elande |
||
| 942 |
_2AGRIS _n0 _cANA |
||
| 999 |
_c226062 _d226062 |
||